[Event "IECC Y2KO email"]
[Site "IECC email"]
[Date "2001.09.24"]
[Round "?"]
[White "Galiullin, Airat"]
[Black "Bergmann, Michael"]
[Result "1/2-1/2"]
[WhiteElo "1952"]
[BlackElo "2450"]
[PlyCount "48"]
[EventDate "2001.??.??"]
[EventType "tourn (corr)"]
[EventRounds "6"]
[SourceTitle "Corr 2008"]
[Source "ChessBase"]
[SourceDate "2008.06.24"]
[SourceVersion "1"]
[SourceVersionDate "2008.06.24"]
[SourceQuality "1"]

1. Nf3 Nf6 2. g3 d5 3. Bg2 c6 4. d3 Bg4 5. Nbd2 Nbd7 6. 0-0 e5 7. e4 dxe4 8. dxe4 Qc7 9. c3 Be7 10. h3 Bh5 11. Qc2 0-0 12. Nh4 Be2 13. Re1 Ba6 14. Nb3 Rfd8 15. Be3 Nb6 16. Rad1 Nc4 17. Bc5 b6 18. Bxe7 Qxe7 19. Nf5 Qe6 20. Nd2 Nxd2 21. Rxd2 Rxd2 22. Qxd2 g6 23. Qg5 Kh8 24. Nh6 Kg7 1/2-1/2

[Event "IECC KO email"]
[Site "IECC email"]
[Date "2000.10.15"]
[Round "?"]
[White "Sani, Valentino"]
[Black "Galiullin, Airat"]
[Result "0-1"]
[WhiteElo "1860"]
[BlackElo "1936"]
[PlyCount "61"]
[EventDate "2000.??.??"]
[EventType "tourn (corr)"]
[EventRounds "6"]
[SourceTitle "Corr 2008"]
[Source "ChessBase"]
[SourceDate "2008.06.24"]
[SourceVersion "1"]
[SourceVersionDate "2008.06.24"]
[SourceQuality "1"]

1. e4 c6 2. d4 d5 3. e5 Bf5 4. g4 Be4 5. f3 Bg6 6. e6 fxe6 7. Bd3 Bxd3 8. Qxd3 e5 9. dxe5 e6 10. h4 Nd7 11. f4 Nc5 12. Qf3 Be7 13. g5 Qa5+ 14. Bd2 Qa4 15. Na3 Ne4 16. 0-0-0 Bxa3 17. bxa3 Qd4 18. c3 Qc5 19. Kb2 Nf2 20. Ne2 Nxd1+ 21. Rxd1 Ne7 22. Nd4 Qb6+ 23. Ka1 c5 24. Rb1 Qa6 25. Nb5 Kd7 26. Nd6 Rab8 27. h5 Rhf8 28. Qe3 Qc6 29. Qd3 Nf5 30. Rg1 Nxd6 31. exd6 0-1

[Event "IECC Swiss email"]
[Site "IECC email"]
[Date "1999.02.20"]
[Round "?"]
[White "Stein, Rick"]
[Black "Galiullin, Airat"]
[Result "0-1"]
[WhiteElo "2044"]
[BlackElo "1881"]
[PlyCount "60"]
[EventDate "1999.??.??"]
[EventType "tourn (corr)"]
[EventRounds "6"]
[SourceTitle "Corr 2008"]
[Source "ChessBase"]
[SourceDate "2008.06.24"]
[SourceVersion "1"]
[SourceVersionDate "2008.06.24"]
[SourceQuality "1"]

1. e4 c6 2. d4 d5 3. Nc3 dxe4 4. Nxe4 Bf5 5. Nc5 b6 6. Nb3 Nf6 7. Nf3 e6 8. Be2 Nbd7 9. Nh4 Be4 10. Nd2 Bd6 11. c4 0-0 12. Nxe4 Nxe4 13. Nf3 Bb4+ 14. Kf1 Bd6 15. Qc2 f5 16. Be3 Ndf6 17. c5 bxc5 18. dxc5 Be7 19. Bd4 Nd5 20. Rd1 Bf6 21. Bc4 Qe7 22. a3 Rad8 23. b4 a5 24. Bxf6 Qxf6 25. bxa5 Rb8 26. Nd4 Ndc3 27. Bxe6+ Kh8 28. Bxf5 Nxd1 29. Qxe4 Rbd8 30. g4 Rxd4 0-1